Gender Mainstreaming in Poverty Eradication and the Millennium Development Goals: (Record no. 3122)

MARC details
000 -LEADER
fixed length control field 00651nam a2200205 4500
003 - CONTROL NUMBER IDENTIFIER
control field OSt
005 - DATE AND TIME OF LATEST TRANSACTION
control field 20191107173959.0
008 - FIXED-LENGTH DATA ELEMENTS--GENERAL INFORMATION
fixed length control field 160301b xxu||||| |||| 00| 0 eng d
020 ## - INTERNATIONAL STANDARD BOOK NUMBER
International Standard Book Number 0850927528; 978-0850927528
040 ## - CATALOGING SOURCE
Transcribing agency 040a
082 ## - DEWEY DECIMAL CLASSIFICATION NUMBER
Classification number 305.3
Item number KAB 2003
100 ## - MAIN ENTRY--PERSONAL NAME
Personal name Kabeer, Naila
9 (RLIN) 6931
245 ## - TITLE STATEMENT
Title Gender Mainstreaming in Poverty Eradication and the Millennium Development Goals:
Remainder of title a handbook for policy makers and other stake holders
260 ## - PUBLICATION, DISTRIBUTION, ETC. (IMPRINT)
Place of publication, distribution, etc. Ottawa;
Name of publisher, distributor, etc. IDRC,
Date of publication, distribution, etc. 2003
300 ## - PHYSICAL DESCRIPTION
Extent xix, 245p;
Other physical details ill :
Dimensions 25 cm
504 ## - BIBLIOGRAPHY, ETC. NOTE
Bibliography, etc includes index
650 ## - SUBJECT ADDED ENTRY--TOPICAL TERM
Topical term or geographic name as entry element Poverty eradication
9 (RLIN) 8
650 ## - SUBJECT ADDED ENTRY--TOPICAL TERM
Topical term or geographic name as entry element Gender studies
9 (RLIN) 13030
942 ## - ADDED ENTRY ELEMENTS (KOHA)
Source of classification or shelving scheme Dewey Decimal Classification
Koha item type Short Loan
Holdings
Withdrawn status Lost status Source of classification or shelving scheme Damaged status Not for loan Home library Current library Date acquired Inventory number Total Checkouts Full call number Barcode Date last seen Price effective from Koha item type
    Dewey Decimal Classification     MUST Main Library MUST Main Library 01/03/2016 2008/30942   305.3 KAB 2003 2016-0280 01/03/2016 01/03/2016 Short Loan